[Event "4NCL Online Division 1"]
[Site "online"]
[Date "2020.04.14"]
[Round "2.74"]
[White "Taylor, William J"]
[Black "Barrish, Daniel"]
[Result "0-1"]
[WhiteElo "1959"]
[BlackElo "2306"]
[PlyCount "52"]
[EventDate "2020.04.14"]
[WhiteTeam "West is Best 1"]
[BlackTeam "Chessable White Rose 1"]

1. e4 c5 2. Nf3 e6 3. b3 Nf6 4. e5 Nd5 5. c4 Nc7 6. Bb2 Be7 7. g3 O-O 8. Bg2
Nc6 9. O-O Rb8 10. d4 cxd4 11. Nxd4 Nxd4 12. Bxd4 b6 13. Nc3 d5 14. cxd5 exd5
15. Qd2 Bb7 16. Rad1 Bb4 17. a3 Bxa3 18. Qa2 Qe7 19. Nb1 Bb4 20. Qxa7 Ba6 21.
Rc1 Rb7 22. Rxc7 Rxa7 23. Rxe7 Rxe7 24. Rc1 Rc8 25. Rxc8+ Bxc8 26. Bxb6 Bf5 0-1

[Event "4NCL Online Division 1"]
[Site "online"]
[Date "2020.04.14"]
[Round "2.81"]
[White "Ophoff, Ja"]
[Black "Abdulla, Murad"]
[Result "0-1"]
[WhiteElo "2257"]
[BlackElo "2287"]
[PlyCount "56"]
[EventDate "2020.04.14"]
[WhiteTeam "Dundee"]
[BlackTeam "Bon Accord A"]

1. d4 Nf6 2. c4 c5 3. d5 b5 4. Qc2 e6 5. e4 Bb7 6. Nc3 b4 7. Nd1 d6 8. Nf3 Be7
9. b3 O-O 10. Bb2 e5 11. g3 Nbd7 12. Bg2 Re8 13. O-O Bf8 14. Ne3 g6 15. Nd2 Bh6
16. Rae1 a5 17. h3 a4 18. f4 axb3 19. axb3 exf4 20. gxf4 Nh5 21. Ng4 Bxf4 22.
Rxf4 Nxf4 23. Rf1 Qg5 24. Nf3 Qh5 25. Qd2 Rxe4 26. Nfe5 dxe5 27. Bxe5 Nxh3+ 28.
Bxh3 Rxg4+ 0-1

[Event "4NCL Online Division 1"]
[Site "online"]
[Date "2020.04.14"]
[Round "2.82"]
[White "Olson, Hamish"]
[Black "Findlay, David John"]
[Result "1-0"]
[WhiteElo "2246"]
[BlackElo "2177"]
[PlyCount "69"]
[EventDate "2020.04.14"]
[WhiteTeam "Bon Accord A"]
[BlackTeam "Dundee"]

1. e4 e5 2. Nf3 d6 3. d4 exd4 4. Nxd4 g6 5. Nc3 Bg7 6. Be3 Nf6 7. Qd2 O-O 8.
O-O-O Re8 9. f3 Nc6 10. Nxc6 bxc6 11. Bh6 Bxh6 12. Qxh6 Qe7 13. g4 Be6 14. h4
Rab8 15. h5 d5 16. hxg6 fxg6 17. a3 dxe4 18. g5 Nh5 19. Rxh5 gxh5 20. Nxe4 Rf8
21. Bd3 Rf7 22. Nf6+ Kh8 23. Re1 Qd6 24. Bxh7 Qf4+ 25. Kb1 Rxf6 26. Bg6+ Kg8
27. Qh7+ Kf8 28. Qh8+ Ke7 29. gxf6+ Qxf6 30. Qxb8 Qxg6 31. Qxc7+ Kf6 32. Qxc6
Kf7 33. Qc7+ Kf6 34. Qxa7 Kf5 35. Qd4 1-0

[Event "4NCL Online Division 1"]
[Site "online"]
[Date "2020.04.14"]
[Round "2.83"]
[White "Shafi, Declan"]
[Black "Gray, Euan"]
[Result "0-1"]
[WhiteElo "2166"]
[BlackElo "2098"]
[PlyCount "116"]
[EventDate "2020.04.14"]
[WhiteTeam "Dundee"]
[BlackTeam "Bon Accord A"]

1. d4 Nf6 2. c4 e6 3. Nf3 Bb4+ 4. Bd2 a5 5. a3 Bxd2+ 6. Nbxd2 a4 7. e4 d6 8. g3
Nc6 9. Bg2 e5 10. d5 Nb8 11. Qc2 Nbd7 12. b4 axb3 13. Nxb3 b6 14. O-O O-O 15.
Ne1 Ne8 16. Nd3 f5 17. exf5 Rxf5 18. Nf4 Rf7 19. Ne6 Qe7 20. f4 exf4 21. Nbd4
f3 22. Bxf3 Ne5 23. Bh5 Rxf1+ 24. Rxf1 Bxe6 25. Nxe6 Nf6 26. Bf3 Rxa3 27. Be4
Ra8 28. Bf5 Ned7 29. Ng5 Qe3+ 30. Kg2 Qxg5 31. Qe2 Re8 32. Be6+ Kh8 33. h4 Qe5
34. Qf2 Nc5 35. Bf5 Nce4 36. Qe3 Qc3 37. Re1 Qxe3 38. Rxe3 Nc5 39. Ra3 g6 40.
Bh3 Kg7 41. Ra7 Re7 42. Kf3 Nfe4 43. Ra2 Nd3 44. Re2 Ndc5 45. Kf4 Rf7+ 46. Ke3
Kf6 47. Kd4 Nxg3 48. Re3 Nf5+ 49. Bxf5 gxf5 50. Re8 f4 51. Rg8 f3 52. Ke3 Ke7
53. Rg1 f2 54. Rf1 Nd7 55. Ke4 Ne5 56. c5 bxc5 57. h5 Ng4 58. h6 Nh2 0-1

[Event "4NCL Online Division 1"]
[Site "online"]
[Date "2020.04.14"]
[Round "2.84"]
[White "Schwartz, Julius"]
[Black "Spencer, Edwin A"]
[Result "0-1"]
[WhiteElo "2090"]
[BlackElo "2097"]
[PlyCount "100"]
[EventDate "2020.04.14"]
[WhiteTeam "Bon Accord A"]
[BlackTeam "Dundee"]

1. Nf3 Nf6 2. g3 g6 3. Bg2 Bg7 4. O-O O-O 5. c4 d6 6. Nc3 Bf5 7. h3 Qc8 8. Kh2
e5 9. d4 Nc6 10. dxe5 dxe5 11. Qa4 Re8 12. Bg5 Nd4 13. Nd2 Bd7 14. Qd1 c6 15.
Nde4 Nxe4 16. Nxe4 Re6 17. e3 h6 18. exd4 hxg5 19. d5 cxd5 20. cxd5 Rb6 21.
Nxg5 Rxb2 22. Rc1 Qd8 23. h4 Bb5 24. d6 Bxf1 25. Bxf1 Rxf2+ 26. Kh1 Bh6 27. Ne4
Rxf1+ 28. Qxf1 Bxc1 29. Qxc1 f5 30. Ng5 Qd7 31. Qc4+ Kg7 32. Qb3 Rc8 33. Qd5
Kf6 34. Kh2 Rc2+ 35. Kh3 Rc6 36. Qg8 f4+ 37. Kg2 Rc2+ 38. Kf3 Rc3+ 39. Kf2
fxg3+ 40. Ke1 Rc1+ 41. Kd2 Rc8 42. Ne4+ Kf5 43. Nxg3+ Kf4 44. Qxg6 Qg4 45. Ne2+
Kf3 46. Qf7+ Kg2 47. Qxb7+ e4 48. d7 Rd8 49. Nd4 Rxd7 50. Kc3 Rxb7 0-1

[Event "4NCL Online Division 1"]
[Site "online"]
[Date "2020.04.14"]
[Round "2.91"]
[White "Zakarian, David"]
[Black "Arkell, Keith C"]
[Result "0-1"]
[WhiteElo "2306"]
[BlackElo "2429"]
[PlyCount "130"]
[EventDate "2020.04.14"]
[WhiteTeam "Oxford 1"]
[BlackTeam "Arkell's Angels"]

1. e4 c6 2. d4 d5 3. e5 c5 4. c4 cxd4 5. Nf3 e6 6. cxd5 Qxd5 7. Qxd4 Nc6 8.
Qxd5 exd5 9. Nc3 Bg4 10. Bf4 Bb4 11. O-O-O Bxc3 12. bxc3 Nge7 13. Be2 O-O 14.
h3 Be6 15. Kb2 Rfc8 16. Bh2 h6 17. g4 Rc7 18. Nd4 Nxd4 19. Rxd4 Rac8 20. Rc1
Nc6 21. Rd2 g5 22. f4 gxf4 23. Bxf4 Kg7 24. Bf3 Na5 25. Bxd5 Nc4+ 26. Bxc4 Rxc4
27. Rd4 R4c6 28. Rb4 b6 29. Rd4 b5 30. Bd2 a5 31. a3 Rc4 32. Rxc4 Rxc4 33. Re1
Bd5 34. Re3 Kg6 35. Rd3 Be6 36. Rd4 h5 37. gxh5+ Kxh5 38. h4 Rc5 39. Re4 Bf5
40. Re1 Kxh4 41. Be3 Rc4 42. Rf1 Kg4 43. Bd4 b4 44. axb4 axb4 45. Rd1 Kf3 46.
cxb4 Ke2 47. Rh1 Rxd4 48. Kc3 Rd3+ 49. Kc4 Be6+ 50. Kc5 Rd5+ 51. Kc6 Rxe5 52.
Rh2+ Kd3 53. b5 Bg4 54. b6 Bf3+ 55. Kc7 Rc5+ 56. Kd7 Rb5 57. Kc7 f5 58. Ra2 f4
59. Ra3+ Ke2 60. Ra4 Ke3 61. Ra3+ Kf2 62. Ra4 Kg3 63. Ra3 Kg4 64. Ra2 Be4 65.
Ra4 Kf5 0-1

[Event "4NCL Online Division 1"]
[Site "online"]
[Date "2020.04.14"]
[Round "2.92"]
[White "Ruperez Benito, Antonio"]
[Black "Savage, Ben D M"]
[Result "1-0"]
[WhiteElo "2356"]
[BlackElo "2273"]
[PlyCount "79"]
[EventDate "2020.04.14"]
[WhiteTeam "Arkell's Angels"]
[BlackTeam "Oxford 1"]

1. e4 e5 2. Nf3 Nc6 3. Bc4 Bc5 4. c3 Nf6 5. d3 a6 6. O-O Ba7 7. Re1 d6 8. Bb3
h6 9. Nbd2 O-O 10. h3 Re8 11. Nf1 Be6 12. Ng3 Qd7 13. d4 Bxb3 14. axb3 Rad8 15.
Be3 exd4 16. cxd4 Ne7 17. Qc2 c6 18. Rad1 Ng6 19. Bc1 Rc8 20. b4 Qc7 21. Nf5
Bb8 22. Bxh6 gxh6 23. Qc1 Ne7 24. Nxh6+ Kf8 25. Ng5 Ng6 26. Rd3 d5 27. e5 Nxe5
28. dxe5 Rxe5 29. Rg3 Rxe1+ 30. Qxe1 Qe5 31. Nh7+ Ke7 32. Re3 Ne4 33. Ng4 Qxb2
34. Nhf6 Bf4 35. Rxe4+ dxe4 36. Qxe4+ Be5 37. Nxe5 Kxf6 38. Qf4+ Ke6 39. Qxf7+
Kd6 40. Nc4# 1-0

[Event "4NCL Online Division 1"]
[Site "online"]
[Date "2020.04.14"]
[Round "2.93"]
[White "Cont, Arya"]
[Black "Littlewood, Paul E"]
[Result "1/2-1/2"]
[WhiteElo "2147"]
[BlackElo "2347"]
[PlyCount "59"]
[EventDate "2020.04.14"]
[WhiteTeam "Oxford 1"]
[BlackTeam "Arkell's Angels"]

1. b3 e5 2. Bb2 d6 3. e3 Nf6 4. Ne2 Nc6 5. d4 Bg4 6. h3 Bh5 7. g4 Bg6 8. Bg2
Ne4 9. Nd2 Nxd2 10. Qxd2 e4 11. d5 Ne5 12. Bxe5 dxe5 13. Ng3 Qh4 14. Qa5 Bd6
15. Qb5+ Ke7 16. Qxb7 Rab8 17. Qxa7 h5 18. gxh5 Bh7 19. c4 Ra8 20. Qb7 Rhb8 21.
Qc6 Ra5 22. c5 Rxc5 23. Qa4 Rxd5 24. O-O f5 25. Rfd1 Rxd1+ 26. Rxd1 Qf6 27. Qc6
Rb6 28. Qc4 Qe6 29. Qxe6+ Kxe6 30. Bf1 1/2-1/2

[Event "4NCL Online Division 1"]
[Site "online"]
[Date "2020.04.14"]
[Round "2.94"]
[White "Whyte, Brian G"]
[Black "Smallbone, Kieran D"]
[Result "0-1"]
[WhiteElo "2048"]
[BlackElo "2179"]
[PlyCount "86"]
[EventDate "2020.04.14"]
[WhiteTeam "Arkell's Angels"]
[BlackTeam "Oxford 1"]

1. c4 c6 2. g3 d5 3. Bg2 Nf6 4. b3 Bf5 5. Nf3 h6 6. Bb2 e6 7. O-O Be7 8. d3 O-O
9. Nbd2 Nbd7 10. Re1 Bh7 11. e4 Nc5 12. Ne5 dxe4 13. Nxe4 Nfxe4 14. dxe4 f6 15.
Ng4 Nd3 16. Re2 Nxb2 17. Rxb2 Qb6 18. b4 a5 19. b5 Bc5 20. Rab1 Bd4 21. Re2
Rfd8 22. Qe1 Qc5 23. bxc6 bxc6 24. Rc1 Rab8 25. Ne3 Rb4 26. Bf3 Bxe3 27. Rxe3
e5 28. Qc3 Rd4 29. Qa3 Rdxc4 30. Rec3 Rxc3 31. Rxc3 Rb1+ 32. Kg2 Qb5 33. Rd3
Bg6 34. h4 h5 35. Qc3 Kh7 36. Qd2 Rb2 37. Qd1 Rxa2 38. Rd8 Qb2 39. Qe1 a4 40.
g4 hxg4 41. Bxg4 Ra1 42. Qe3 Qb1 43. Rd1 Qxe4+ 0-1

[Event "4NCL Online Division 1"]
[Site "online"]
[Date "2020.04.14"]
[Round "2.101"]
[White "Kalavannan, Koby"]
[Black "Cooper, Gavyn"]
[Result "1-0"]
[WhiteElo "2324"]
[BlackElo "2230"]
[PlyCount "75"]
[EventDate "2020.04.14"]
[WhiteTeam "Surbiton 1"]
[BlackTeam "Shropshire 1"]

1. d4 Nf6 2. c4 e6 3. g3 d5 4. Bg2 Be7 5. Nf3 O-O 6. O-O Nbd7 7. Qc2 c6 8. a4
b6 9. a5 Ba6 10. axb6 axb6 11. b3 Ne4 12. Nbd2 Nd6 13. e4 Qc8 14. Bb2 Re8 15.
Rfc1 dxc4 16. bxc4 Bb7 17. Rxa8 Qxa8 18. e5 Nf5 19. g4 Nh4 20. Nxh4 Bxh4 21.
Ne4 Be7 22. c5 b5 23. Ra1 Qb8 24. g5 Qc7 25. Ra3 Ra8 26. Rg3 g6 27. h4 Ra2 28.
h5 Qa5 29. hxg6 hxg6 30. Nf6+ Bxf6 31. gxf6 Qe1+ 32. Bf1 Nf8 33. Re3 Qb4 34.
Qe4 Qxb2 35. Qh4 Nh7 36. Re2 Qc1 37. Rxa2 g5 38. Qh6 1-0

[Event "4NCL Online Division 1"]
[Site "online"]
[Date "2020.04.14"]
[Round "2.102"]
[White "Hurney, Kevin"]
[Black "Ratnesan, Ranesh"]
[Result "1/2-1/2"]
[WhiteElo "2050"]
[BlackElo "2258"]
[PlyCount "116"]
[EventDate "2020.04.14"]
[WhiteTeam "Shropshire 1"]
[BlackTeam "Surbiton 1"]

1. e4 c5 2. Nf3 Nc6 3. c4 e5 4. Nc3 d6 5. h3 g6 6. Be2 Bg7 7. O-O Nf6 8. d3 O-O
9. Be3 Ne8 10. a3 f5 11. exf5 gxf5 12. Bg5 Qc7 13. Nd5 Qf7 14. Nd2 Be6 15. Bh5
Qd7 16. Rb1 Nc7 17. Nxc7 Qxc7 18. b4 b6 19. Re1 Nd4 20. Nf3 e4 21. Nxd4 Bxd4
22. Be3 Be5 23. Bh6 Rf6 24. Bg5 Rff8 25. Bh6 Bg7 26. Qd2 cxb4 27. axb4 d5 28.
cxd5 Bxd5 29. Rbc1 Qb7 30. Qf4 Bxh6 31. Qxh6 Qg7 32. Qxg7+ Kxg7 33. dxe4 Bxe4
34. Rc7+ Kh6 35. g4 a5 36. bxa5 bxa5 37. Kh2 Rac8 38. Rec1 Rxc7 39. Rxc7 fxg4
40. hxg4 Rxf2+ 41. Kg3 Rc2 42. Ra7 Rc5 43. Kf4 Bg6 44. Bxg6 hxg6 45. Ra6 Rb5
46. Ra8 Rb4+ 47. Kg3 a4 48. Ra5 Rb3+ 49. Kg2 a3 50. Kh2 Kg7 51. Ra6 Kf7 52. Kg2
Rb2+ 53. Kf3 a2 54. Kf4 Kg7 55. Kg5 Rb5+ 56. Kf4 Rb2 57. Kg5 Rb5+ 58. Kf4 Rb2
1/2-1/2

[Event "4NCL Online Division 1"]
[Site "online"]
[Date "2020.04.14"]
[Round "2.103"]
[White "Josse, Mark"]
[Black "Zabrocki, Philip"]
[Result "1/2-1/2"]
[WhiteElo "2235"]
[BlackElo "1997"]
[PlyCount "74"]
[EventDate "2020.04.14"]
[WhiteTeam "Surbiton 1"]
[BlackTeam "Shropshire 1"]

1. d4 Nf6 2. c4 g6 3. Nc3 Bg7 4. e4 d6 5. f4 O-O 6. Nf3 c5 7. d5 e6 8. dxe6
fxe6 9. Bd3 Nc6 10. O-O b6 11. Bd2 Nd4 12. Nxd4 cxd4 13. Nb5 Nd7 14. Nxd6 Nc5
15. e5 Nxd3 16. Qf3 Bxe5 17. Nxc8 Rxc8 18. Qxd3 Bg7 19. Rae1 Qd6 20. Re4 e5 21.
b3 Rce8 22. g3 Re7 23. Rfe1 Rfe8 24. fxe5 Bxe5 25. Kg2 Bf6 26. Rxe7 Rxe7 27.
Rxe7 Qxe7 28. Kf3 Qd7 29. g4 Kg7 30. Qe4 g5 31. h3 h6 32. a4 a5 33. Qd5 Qc7 34.
Kg2 Qe7 35. Kf3 Qc7 36. Kg2 Qe7 37. Kf3 Qc7 1/2-1/2

[Event "4NCL Online Division 1"]
[Site "online"]
[Date "2020.04.14"]
[Round "2.104"]
[White "Gostelow, David W"]
[Black "Scott, David A"]
[Result "1-0"]
[WhiteElo "1990"]
[BlackElo "2122"]
[PlyCount "67"]
[EventDate "2020.04.14"]
[WhiteTeam "Shropshire 1"]
[BlackTeam "Surbiton 1"]

1. d4 Nf6 2. Bf4 d5 3. e3 e6 4. Nf3 Bd6 5. Bg3 O-O 6. Bd3 c5 7. c3 b6 8. Nbd2
Ba6 9. Bxa6 Nxa6 10. Qe2 Nc7 11. Ne5 Ne4 12. Nxe4 dxe4 13. Rd1 Bxe5 14. dxe5
Qe7 15. Qc2 Nd5 16. Qxe4 Kh8 17. O-O f5 18. exf6 Qxf6 19. Qe5 Qg6 20. e4 Nf6
21. f3 Rae8 22. Rd6 Nh5 23. Rfd1 Nxg3 24. hxg3 Re7 25. Rd7 Qf7 26. Qc7 Rxd7 27.
Rxd7 Qg6 28. Rd8 Kg8 29. Rxf8+ Kxf8 30. Qb8+ Ke7 31. Qxa7+ Kf6 32. Qc7 Qg5 33.
Qf4+ Qxf4 34. gxf4 1-0

[Event "4NCL Online Division 1"]
[Site "online"]
[Date "2020.04.14"]
[Round "2.111"]
[White "Miller, Dominic"]
[Black "Suarez Real, Alberto"]
[Result "0-1"]
[WhiteElo "2252"]
[BlackElo "2448"]
[PlyCount "62"]
[EventDate "2020.04.14"]
[WhiteTeam "Sussex Auguries"]
[BlackTeam "Guildford Young Guns"]

1. e4 c5 2. Nf3 Nc6 3. d4 cxd4 4. Nxd4 Nf6 5. Nc3 e5 6. Ndb5 d6 7. Bg5 a6 8.
Na3 b5 9. Nd5 Be7 10. Bxf6 Bxf6 11. c3 O-O 12. Nc2 Bg5 13. a4 bxa4 14. Rxa4 a5
15. Bc4 Rb8 16. b3 Kh8 17. Nce3 Ne7 18. Nxe7 Bxe7 19. Nd5 Bg5 20. O-O f5 21.
exf5 Bxf5 22. Qa1 Bd2 23. Rxa5 Qg5 24. g3 Be4 25. Qd1 Qh6 26. Ra2 Qh3 27. Ne3
Rxf2 28. Rxf2 Bxe3 29. Qf1 Qf5 30. Rae2 Qf3 31. Rxe3 Qh1# 0-1

[Event "4NCL Online Division 1"]
[Site "online"]
[Date "2020.04.14"]
[Round "2.112"]
[White "Grieve, Harry"]
[Black "Brewer, Callum D"]
[Result "0-1"]
[WhiteElo "2355"]
[BlackElo "2230"]
[PlyCount "50"]
[EventDate "2020.04.14"]
[WhiteTeam "Guildford Young Guns"]
[BlackTeam "Sussex Auguries"]

1. e4 c6 2. d4 d5 3. e5 Bf5 4. h4 h5 5. Bd3 Bxd3 6. Qxd3 Qa5+ 7. Nd2 e6 8. Ngf3
Ne7 9. O-O Nf5 10. c4 Be7 11. g3 O-O 12. b3 Rd8 13. Bb2 c5 14. Rfd1 Nc6 15.
dxc5 Bxc5 16. Kg2 dxc4 17. Qxc4 Bxf2 18. Kxf2 Qb6+ 19. Ke1 Nb4 20. Nf1 Rdc8 21.
Qe4 Nc2+ 22. Ke2 Nxa1 23. Bxa1 Qa6+ 24. Ke1 Qxf1+ 25. Kxf1 Nxg3+ 0-1

[Event "4NCL Online Division 1"]
[Site "online"]
[Date "2020.04.14"]
[Round "2.113"]
[White "Payne, Matthew J"]
[Black "Kalaiyalahan, Akshaya"]
[Result "0-1"]
[WhiteElo "2177"]
[BlackElo "2149"]
[PlyCount "124"]
[EventDate "2020.04.14"]
[WhiteTeam "Sussex Auguries"]
[BlackTeam "Guildford Young Guns"]

1. e4 c5 2. Nf3 Nc6 3. Bb5 g6 4. Bxc6 bxc6 5. O-O Bg7 6. Re1 Nh6 7. c3 O-O 8.
h3 f5 9. e5 Nf7 10. d4 cxd4 11. cxd4 Bb7 12. Bf4 c5 13. d5 e6 14. Nc3 h6 15. h4
Re8 16. g3 exd5 17. Nxd5 g5 18. hxg5 hxg5 19. Be3 d6 20. Qb3 Bxd5 21. Qxd5 dxe5
22. Qxc5 f4 23. Bd2 g4 24. Ba5 Qd3 25. Nh4 fxg3 26. Re3 gxf2+ 27. Kxf2 Qh7 28.
Rh1 Bf6 29. Kg3 Bg5 30. Ree1 Qd3+ 31. Kg2 Rac8 32. Bc7 Bxh4 33. Rxh4 Qf3+ 34.
Kh2 g3+ 35. Kg1 Rxc7 36. Qe3 Qxe3+ 37. Rxe3 Rc1+ 38. Kg2 Rc2+ 39. Kxg3 Rxb2 40.
Ra3 Re7 41. Kf3 e4+ 42. Ke3 Rg2 43. Ra6 Rg3+ 44. Kf2 Rc3 45. Rg6+ Kf8 46. Rhg4
Ke8 47. Ra6 e3+ 48. Ke2 Rc2+ 49. Kd3 Ne5+ 50. Kxc2 Nxg4 51. Kd1 e2+ 52. Ke1 Kf7
53. Ra3 Ne5 54. Re3 Nc6 55. Kxe2 Rxe3+ 56. Kxe3 Ke6 57. a3 Kd5 58. Kd3 Kc5 59.
Kc3 Kb5 60. Kb3 a5 61. a4+ Kc5 62. Kc3 Nd4 0-1

[Event "4NCL Online Division 1"]
[Site "online"]
[Date "2020.04.14"]
[Round "2.114"]
[White "Price, Gwilym"]
[Black "Willson, Ollie"]
[Result "1-0"]
[WhiteElo "2097"]
[BlackElo "2147"]
[PlyCount "103"]
[EventDate "2020.04.14"]
[WhiteTeam "Guildford Young Guns"]
[BlackTeam "Sussex Auguries"]

1. e4 c5 2. Nf3 e6 3. d4 cxd4 4. Nxd4 Nc6 5. Nc3 Qc7 6. Be3 a6 7. Qf3 Nf6 8.
O-O-O Ne5 9. Qg3 b5 10. f4 Neg4 11. Bg1 b4 12. Na4 h5 13. e5 Nd5 14. h3 Nh6 15.
Bd3 g6 16. Be4 Bb7 17. Bf2 Rc8 18. Rd2 Qa5 19. Qb3 Nf5 20. Nxf5 gxf5 21. Bxd5
Bxd5 22. Rxd5 Qxd5 23. Qxd5 exd5 24. Nb6 Rc6 25. Nxd5 Be7 26. h4 Rg8 27. g3 a5
28. Rd1 Kf8 29. Rd3 Rgg6 30. Kd2 d6 31. Bb6 dxe5 32. Bxa5 e4 33. Nxe7 exd3 34.
Nxc6 Rxc6 35. Bxb4+ Ke8 36. Kxd3 Kd7 37. a4 Rb6 38. Bc3 Ra6 39. a5 Kc6 40. Kc4
Ra8 41. b4 Rg8 42. b5+ Kb7 43. a6+ Kc7 44. Be5+ Kb6 45. Bd4+ Kc7 46. Kc5 Rg6
47. b6+ Kd7 48. c4 Rxg3 49. b7 Rb3 50. a7 Rxb7 51. a8=Q Rc7+ 52. Kd5 1-0

[Event "4NCL Online Division 1"]
[Site "online"]
[Date "2020.04.14"]
[Round "2.121"]
[White "Cumming, Rhys"]
[Black "Cramling, Pia"]
[Result "0-1"]
[WhiteElo "2299"]
[BlackElo "2464"]
[PlyCount "68"]
[EventDate "2020.04.14"]
[WhiteTeam "Sussex Social Isolators"]
[BlackTeam "ChessPlus Alpha"]

1. e4 c5 2. Nf3 Nc6 3. d4 cxd4 4. c3 d3 5. Bxd3 g6 6. c4 Bg7 7. O-O d6 8. h3
Nf6 9. Nc3 Nd7 10. Re1 O-O 11. Bd2 Nc5 12. Bf1 Bd7 13. Rc1 a5 14. b3 Nb4 15.
Nd5 Nxa2 16. Ra1 Bxa1 17. Qxa1 Nb4 18. Qc3 e5 19. Nxb4 axb4 20. Qxb4 Bc6 21.
Bh6 Re8 22. Nd2 Ra2 23. Qc3 Ne6 24. b4 Nd4 25. b5 Bd7 26. Be3 Nc2 27. Rd1 Nxe3
28. Qxe3 Qc7 29. Nf3 Be6 30. h4 Bg4 31. Qb3 Rea8 32. c5 Qxc5 33. Bc4 Qxf2+ 34.
Kh1 Qxg2# 0-1

[Event "4NCL Online Division 1"]
[Site "online"]
[Date "2020.04.14"]
[Round "2.122"]
[White "Loeffler, Stefan"]
[Black "Bucher, Grant W"]
[Result "1-0"]
[WhiteElo "2349"]
[BlackElo "2119"]
[PlyCount "55"]
[EventDate "2020.04.14"]
[WhiteTeam "ChessPlus Alpha"]
[BlackTeam "Sussex Social Isolators"]

1. e4 e5 2. Bc4 Nf6 3. d3 Nc6 4. Nf3 Be7 5. O-O O-O 6. Re1 d6 7. c3 Na5 8. Bb5
c5 9. d4 a6 10. Bd3 Nc6 11. d5 Nb8 12. b4 cxb4 13. cxb4 a5 14. bxa5 Nbd7 15. a6
bxa6 16. Ba3 Qb6 17. Nbd2 Nc5 18. Nc4 Qa7 19. Rc1 Ng4 20. Re2 Nxd3 21. Qxd3 Bd7
22. h3 Nf6 23. Nfxe5 Bb5 24. Nc6 Qb7 25. Rb2 Rfc8 26. Qe3 Rxc6 27. dxc6 Qxc6
28. Nb6 1-0

[Event "4NCL Online Division 1"]
[Site "online"]
[Date "2020.04.14"]
[Round "2.123"]
[White "Blake, J Morgan"]
[Black "Jogstad, Martin"]
[Result "1-0"]
[WhiteElo "2147"]
[BlackElo "2311"]
[PlyCount "59"]
[EventDate "2020.04.14"]
[WhiteTeam "Sussex Social Isolators"]
[BlackTeam "ChessPlus Alpha"]

1. e4 c5 2. Nf3 e6 3. b3 b6 4. Bb2 Bb7 5. Bd3 Nc6 6. c3 d5 7. O-O Nf6 8. e5 Nd7
9. Qe2 g6 10. Bb5 a6 11. Bxc6 Bxc6 12. d4 cxd4 13. Nxd4 Bb7 14. Nd2 b5 15. c4
bxc4 16. bxc4 Bg7 17. f4 O-O 18. Rab1 Qa5 19. Ba1 Rab8 20. N2b3 Qa4 21. c5 Rfc8
22. Rbc1 Bf8 23. f5 Nxc5 24. Nxc5 Bxc5 25. Rxc5 Rxc5 26. fxe6 fxe6 27. Qf2 Qd7
28. Nxe6 Rcc8 29. Nd8 d4 30. Qf8# 1-0

[Event "4NCL Online Division 1"]
[Site "online"]
[Date "2020.04.14"]
[Round "2.124"]
[White "Harakis, Alexis M"]
[Black "Lunn, Matthew"]
[Result "0-1"]
[WhiteElo "2266"]
[BlackElo "2087"]
[PlyCount "106"]
[EventDate "2020.04.14"]
[WhiteTeam "ChessPlus Alpha"]
[BlackTeam "Sussex Social Isolators"]

1. d4 Nf6 2. c4 g6 3. Nc3 Bg7 4. e4 d6 5. Nge2 a6 6. a4 a5 7. Bg5 O-O 8. Qd2
Na6 9. Rd1 Qe8 10. f3 e5 11. dxe5 dxe5 12. Nb5 Be6 13. Nec3 Rd8 14. Qxd8 Qxd8
15. Rxd8 Rxd8 16. Nd5 Bxd5 17. cxd5 h6 18. Be3 c6 19. dxc6 bxc6 20. Nc3 Nb4 21.
Kf2 Nc2 22. Bb6 Rb8 23. Bxa5 Rxb2 24. Be2 Bf8 25. g4 Bc5+ 26. Kg3 Nd4 27. Re1
Ne8 28. Kh3 Kf8 29. Bd1 Ke7 30. Rf1 Nd6 31. Bc7 Nc4 32. a5 Kd7 33. Na4 Kxc7 34.
Nxc5 Nxa5 35. Nd3 Rb1 36. Nxe5 Nab3 37. Kg2 c5 38. Bxb3 Rxb3 39. Nxf7 c4 40.
Ne5 c3 41. Rd1 c2 42. Rxd4 c1=Q 43. Rc4+ Qxc4 44. Nxc4 g5 45. Ne5 Rb5 46. Nf7
Rb6 47. Kg3 Kd7 48. h4 gxh4+ 49. Kxh4 Rf6 50. Ne5+ Ke6 51. Nc6 Kf7 52. Kg3 Rxc6
53. Kf4 Kf6 0-1

[Event "4NCL Online Division 1"]
[Site "online"]
[Date "2020.04.14"]
[Round "2.131"]
[White "Chow, Samuel"]
[Black "Kwiatkowski, Feliks J"]
[Result "1-0"]
[WhiteElo "2395"]
[BlackElo "2297"]
[PlyCount "89"]
[EventDate "2020.04.14"]
[WhiteTeam "Warwick University A"]
[BlackTeam "King's Head"]

1. d4 Nf6 2. c4 g6 3. Nc3 d5 4. Nf3 Bg7 5. h4 c6 6. Bg5 h6 7. Bxf6 Bxf6 8. h5
g5 9. e3 dxc4 10. Bxc4 Nd7 11. Qc2 Nb6 12. Bb3 Nd5 13. O-O-O Nxc3 14. bxc3 Qa5
15. e4 Bg4 16. e5 Bg7 17. Nd2 Bxd1 18. Rxd1 O-O 19. Nc4 Qc7 20. Qe4 b5 21. Bc2
Rfd8 22. Ne3 e6 23. Ng4 c5 24. Nxh6+ Bxh6 25. Qh7+ Kf8 26. Qxh6+ Ke8 27. Qh8+
Ke7 28. Qf6+ Ke8 29. h6 Qe7 30. Be4 Rac8 31. h7 Qxf6 32. exf6 Kd7 33. dxc5+ Kc7
34. Rh1 Rh8 35. Rh5 Kd7 36. Rxg5 Rcf8 37. f4 a6 38. g4 Kc7 39. Rg7 Kd7 40. g5
Kd8 41. a3 Kc8 42. Kc2 Kb8 43. Kb3 a5 44. c4 bxc4+ 45. Kxc4 1-0

[Event "4NCL Online Division 1"]
[Site "online"]
[Date "2020.04.14"]
[Round "2.132"]
[White "McMichael, Richard J"]
[Black "Daskalov, Dimitar"]
[Result "1-0"]
[WhiteElo "2252"]
[BlackElo "2365"]
[PlyCount "119"]
[EventDate "2020.04.14"]
[WhiteTeam "King's Head"]
[BlackTeam "Warwick University A"]

1. b3 e5 2. Bb2 Nc6 3. e3 Nf6 4. Bb5 Bd6 5. Na3 a6 6. Bxc6 dxc6 7. Nc4 Qe7 8.
Ne2 O-O 9. O-O Bg4 10. d3 Rad8 11. Qe1 b5 12. Nxd6 cxd6 13. Ng3 Nh5 14. f3 Nxg3
15. Qxg3 Bh5 16. f4 f6 17. a4 e4 18. d4 Bf7 19. Rfd1 Qb7 20. Rd2 Kh8 21. Qh4
Bd5 22. g4 b4 23. Rg2 Qe7 24. Kh1 Rd7 25. Qg3 c5 26. dxc5 dxc5 27. h4 c4 28.
Bd4 cxb3 29. cxb3 Bxb3 30. g5 f5 31. Rd2 Rc8 32. h5 Kg8 33. h6 g6 34. Qe1 Rc2
35. Rb1 Bxa4 36. Rxc2 Bxc2 37. Rxb4 Rb7 38. Bc5 Qd7 39. Rxb7 Qxb7 40. Qc3 Qd7
41. Qxc2 Qd5 42. Bd4 Kf7 43. Qc7+ Ke8 44. Qc8+ Kf7 45. Qxa6 Qb3 46. Qf6+ Ke8
47. Qh8+ Kd7 48. Qxh7+ Kc8 49. Qh8+ Kd7 50. Qg7+ Kc8 51. Qf8+ Kd7 52. Kh2 Qc2+
53. Kg3 Qe2 54. Qf7+ Kc6 55. Qxg6+ Kc7 56. Qf7+ Kc6 57. Qe6+ Kb5 58. Qxf5+ Ka4
59. Qxe4 Qe1+ 60. Kg4 1-0

[Event "4NCL Online Division 1"]
[Site "online"]
[Date "2020.04.14"]
[Round "2.133"]
[White "Moss, Guy"]
[Black "Okike, David"]
[Result "0-1"]
[WhiteElo "2327"]
[BlackElo "2252"]
[PlyCount "96"]
[EventDate "2020.04.14"]
[WhiteTeam "Warwick University A"]
[BlackTeam "King's Head"]

1. e4 c5 2. Nf3 Nc6 3. d4 cxd4 4. Nxd4 Nf6 5. Nc3 d6 6. f3 e5 7. Nb3 Be7 8. Be3
Be6 9. Qd2 O-O 10. Be2 Qc8 11. Nd5 Bxd5 12. exd5 Nb8 13. g4 Nbd7 14. c4 Re8 15.
Qc3 Qc7 16. Nd2 Nc5 17. b4 Ncd7 18. Qb2 Bf8 19. O-O g6 20. Rac1 b6 21. Ne4 Bg7
22. Bd3 Rab8 23. a3 Rf8 24. h4 Ne8 25. g5 Qd8 26. Qh2 Qe7 27. Kg2 f5 28. gxf6
Ndxf6 29. Bg5 Qd7 30. Ng3 Qf7 31. h5 Nxh5 32. Nxh5 gxh5 33. Be4 Nf6 34. Bxf6
Bxf6 35. Kf2 Kh8 36. Rh1 h4 37. Qh3 Bg5 38. Rcg1 Qf4 39. Rg4 Qd2+ 40. Kf1 Qd1+
41. Kf2 Qd2+ 42. Kf1 Rbc8 43. Bxh7 Qc1+ 44. Kg2 Qd2+ 45. Kf1 Be3 46. Rg8+ Rxg8
47. Qxh4 Qd1+ 48. Qe1 Qxf3+ 0-1